00773nam a22001815i 4500001000700000003000900007005001700016008004100033040003000074245012000104260004200224300002600266650004100292710004000333852007400373999001900447952012500466165936ES-MaACL20230906213231.0030227s1870 xxk |||| | eng d aCCPB | B bspa cCCPB | B00aSystems of land tenure in various countries b: a series of essays published under the sanction of the Cobden Club. aLondon : bMacmillan and Co., c1870. aVI, 420 p. ; c22 cm. 4aTierra-xPropiedad (Derecho)91369292 aCobden Club (London, England)92870 aES-MaACLjC-2447 z-- Enc. tela z-- Este ejemp. tiene VI, 420, 39 p. c165936d165936 001040708LIBXIXaATENEOMbATENEOMcSPALd2008-01-17eSSCl0oC-2447p1174021r2023-02-23 00:00:00w2023-02-23yMONANT